La Mujer Dominicana en la Relación de Pareja: respuesta de la Justicia a la Violencia de Género

保存先:
書誌詳細
第一著者: Pola Zapico, María de Jesus
フォーマット: テキスト
出版事項: Santo Domingo: Instituto Tecnológico de Santo Domingo
主題:
タグ: タグ追加
タグなし, このレコードへの初めてのタグを付けませんか!

MARC

LEADER 00000 a a2200000 04500
001 30948
003
040
090 |a 197200  
100 |a Pola Zapico, María de Jesus  
245 |a La Mujer Dominicana en la Relación de Pareja: respuesta de la Justicia a la Violencia de Género  
260 |a Santo Domingo:   |b Instituto Tecnológico de Santo Domingo  
300 |a 155 p.  
650 |a VIOLENCIA CONTRA LAS MUJERES  
650 |a VIOLENCIA INTRAFAMILIAR  
650 |a ABUSO SEXUAL  
650 |a PATRIARCADO  
650 |a ROLES DE LOS GENEROS  
650 |a DERECHO CIVIL  
650 |a IGUALDAD DE GENERO  
650 |a LEGISLACION  
650 |a EVALUACION  
650 |a RECOMENDACIONES  
999 |c 15432  |d 15432